The lost hero / (Record no. 9641)

MARC details
000 -LEADER
fixed length control field 00967nam a22002897a 4500
001 - CONTROL NUMBER
control field 9641
003 - CONTROL NUMBER IDENTIFIER
control field FISKH
005 - DATE AND TIME OF LATEST TRANSACTION
control field 20260408113624.0
008 - FIXED-LENGTH DATA ELEMENTS--GENERAL INFORMATION
fixed length control field 260127b cb ||||| |||| 00| 0 eng d
020 ## - INTERNATIONAL STANDARD BOOK NUMBER
International Standard Book Number 9781368051439
040 ## - CATALOGING SOURCE
Original cataloging agency FISKH
Language of cataloging eng
Transcribing agency FISKH
Modifying agency FISKH
050 ## - LIBRARY OF CONGRESS CALL NUMBER
Classification number PZ7 .R4829 .L
082 ## - DEWEY DECIMAL CLASSIFICATION NUMBER
Classification number 813.6
100 ## - MAIN ENTRY--PERSONAL NAME
Personal name Riordan, Rick
Relator term Author
245 ## - TITLE STATEMENT
Title The lost hero /
Statement of responsibility, etc. Rick Riordan
260 ## - PUBLICATION, DISTRIBUTION, ETC.
Place of publication, distribution, etc. New York :
Name of publisher, distributor, etc. Disney ,
Date of publication, distribution, etc. 2010
300 ## - PHYSICAL DESCRIPTION
Extent 557 pages :
Dimensions 20 cm
490 ## - SERIES STATEMENT
Series statement The heroes of Olympus :
Volume/sequential designation 1
505 ## - FORMATTED CONTENTS NOTE
Formatted contents note R<br/>
520 ## - SUMMARY, ETC.
Summary, etc. Jason, Piper, and Leo, three students from a school for "bad kids," find themselves at Camp Half-Blood, where they learn that they are demigods and begin a quest to free Hera, who has been imprisoned by Mother Earth herself.
521 8# - TARGET AUDIENCE NOTE
Target audience note 660<br/>
Source Lexile<br/>
521 8# - TARGET AUDIENCE NOTE
Target audience note R<br/>
Source Raz-Plus<br/>
650 ## - SUBJECT ADDED ENTRY--TOPICAL TERM
Topical term or geographic name entry element Greek mythology
Form subdivision Heroes of Olympus
650 ## - SUBJECT ADDED ENTRY--TOPICAL TERM
Topical term or geographic name entry element Roman gods
Form subdivision Roman mythology
942 ## - ADDED ENTRY ELEMENTS (KOHA)
Source of classification or shelving scheme Dewey Decimal Classification
Koha item type Books
Suppress in OPAC No
Holdings
Withdrawn status Lost status Source of classification or shelving scheme Damaged status Not for loan Collection Home library Current library Shelving location Date acquired Total Checkouts Full call number Barcode Date due Date last seen Date last checked out Copy number Price effective from Koha item type
    Dewey Decimal Classification     Juvenile Fiction Footprints International School Library Network Toul Tom Poung Campus Footprints International School Library Network Toul Tom Poung Campus TTP Primary Orange Bookshelves 01/27/2026 2 RIO 813.6 PZ7 .R4829 .L 2026-0158 04/22/2026 04/08/2026 04/08/2026 1 01/27/2026 Books